[Event "Berlin-ch Seniors op 23rd"]
[Site "Berlin"]
[Date "2007.02.09"]
[Round "5"]
[White "Lukas, Wilmar"]
[Black "Zoellner, Rainer"]
[Result "1/2-1/2"]
[WhiteElo "1763"]
[BlackElo "1793"]
[PlyCount "44"]
[EventDate "2007.02.05"]
[EventType "swiss"]
[EventRounds "9"]
[EventCountry "GER"]
[SourceTitle "EXT 2022"]
[Source "ChessBase"]
[SourceDate "2021.10.06"]
[SourceVersion "1"]
[SourceVersionDate "2021.10.06"]
[SourceQuality "1"]

1. e4 e6 2. d4 d5 3. Nd2 Nf6 4. e5 Nfd7 5. Bd3 c5 6. c3 Nc6 7. Ne2 Qb6 8. Nf3 cxd4 9. cxd4 f6 10. exf6 Nxf6 11. 0-0 Bd6 12. a3 0-0 13. b4 Bd7 14. Nc3 Rac8 15. Na4 Qc7 16. Nc5 b6 17. Nxd7 Qxd7 18. Be3 e5 19. dxe5 Nxe5 20. Be2 Nxf3+ 21. Bxf3 Be5 22. Bd4 Qd6 1/2-1/2